[Event "FIDE Chess.com Grand Swiss"]
[Site "Douglas"]
[Date "2019.10.13"]
[Round "4"]
[White "Kovalev, Vladislav"]
[Black "Carlsen, Magnus"]
[Result "1/2-1/2"]
[WhiteElo "2661"]
[BlackElo "2876"]
[PlyCount "93"]
[EventDate "2019.10.10"]
[EventType "swiss"]
[EventRounds "11"]
[EventCountry "IOM"]
[SourceTitle "CBM 193"]
[Source "ChessBase"]
[SourceDate "2019.12.31"]
[SourceVersion "1"]
[SourceVersionDate "2019.12.31"]
[SourceQuality "1"]

1. e4 c5 2. Nf3 d6 3. Bb5+ Bd7 4. Bxd7+ Qxd7 5. c4 e5 6. Nc3 Nc6 7. d3 Be7 8. a3 Bd8 9. O-O Nge7 10. b4 ({RR} 10. Rb1 O-O 11. b4 Ng6 12. Be3 b6 13. Qa4 f5 14. exf5 Rxf5 15. Nd2 Rf7 16. Nde4 Nf4 17. Bxf4 exf4 18. f3 Rc8 19. Nd5 h6 20. Rbe1 Bh4 21. g3 fxg3 22. hxg3 Be7 23. Kg2 Rcf8 24. Rf2 Bd8 {Nepomniachtchi,I (2771)-Caruana,F (2795) Saint Louis USA 2023 1-0 (52)}) 10... O-O ({RR} 10... b6 11. Rb1 O-O 12. Be3 f5 13. exf5 Nxf5 14. Nd5 Kh8 15. Qe2 Nce7 16. Nxe7 Bxe7 17. Bg5 Bf6 18. Qe4 Bxg5 19. Nxg5 h6 20. Nf3 Rae8 21. bxc5 bxc5 22. Rb7 Qa4 23. Qg4 Qa6 24. Rfb1 Re7 25. Rb8 {George,K (2301)-Schnaider,I (2388) chess.com INT 2025 1-0 (33)}) ({RR} 10... cxb4 11. axb4 Nxb4 12. Ba3 Nbc6 13. d4 exd4 14. Nxd4 Nxd4 15. Qxd4 O-O 16. e5 Nc6 17. Qxd6 Qxd6 18. exd6 Bf6 19. Rac1 Bxc3 20. Rxc3 Rfd8 21. Rb1 Rd7 22. Re3 f6 23. c5 Kf7 24. Reb3 Nd8 25. Kf1 {Bacrot,E (2708)-Carlsen,M (2832) Paris 2017 0-1 (38)}) 11. bxc5 dxc5 12. Nd5 Ng6 $146 ({RR} 12... f5 13. Bb2 Ng6 14. Re1 Bc7 15. exf5 Rxf5 16. Re3 Raf8 17. Qd2 h6 18. Rae1 Kh7 19. Bc3 b6 20. Qb2 Nd4 21. Bxd4 exd4 22. Re4 Bd6 23. Qe2 Qf7 24. Re6 Nf4 25. Nxf4 Bxf4 26. Qe4 Kg8 27. Nh4 {Vokhidov,S (2579)-Tan Zhongyi (2518) chess.com INT 2022 1-0 (37)}) ({RR} 12... f5 13. Bb2 Ng6 14. Re1 Bc7 15. exf5 Rxf5 16. Re3 Raf8 17. Qd2 h6 18. Rae1 Kh7 19. Bc3 b6 20. Qb2 Nd4 21. Bxd4 exd4 22. Re4 Bd6 23. Qe2 Qf7 24. Re6 Nf4 25. Nxf4 Bxf4 26. Qe4 Kg8 27. Nh4 {Vokhidov,S (2579)-Tan Zhongyi (2518) chess.com INT 2022 1-0 (37)}) 13. Be3 b6 14. Nd2 f5 15. exf5 Qxf5 16. Ne4 Nf4 17. g3 Qg6 18. Kh1 Nxd5 19. cxd5 Ne7 20. d6 Nf5 21. Qb3+ Kh8 22. Qd5 Bf6 23. Rae1 Rad8 24. f4 Nxe3 25. Rxe3 exf4 26. Rxf4 h6 27. d7 Be7 28. Ref3 Rxf4 29. Rxf4 b5 30. Nxc5 Bxc5 31. Qxc5 Kh7 32. Qd5 Qg5 33. Qe4+ Qg6 34. Qd5 Qg5 35. Qd6 Qg6 36. Qc7 Qg5 37. Qd6 Qg6 38. Qc7 Qg5 39. Qc6 Qe7 40. Qxb5 Rxd7 41. Qf5+ g6 42. Qf8 Qxf8 43. Rxf8 Kg7 44. Ra8 Kf6 45. Kg2 Rxd3 46. Rxa7 Rd2+ 47. Kg1 1/2-1/2

[Event "FIDE Chess.com Grand Swiss"]
[Site "Douglas"]
[Date "2019.10.14"]
[Round "5"]
[White "Carlsen, Magnus"]
[Black "Ganguly, Surya Shekhar"]
[Result "1-0"]
[WhiteElo "2876"]
[BlackElo "2658"]
[PlyCount "81"]
[EventDate "2019.10.10"]
[EventType "swiss"]
[EventRounds "11"]
[EventCountry "IOM"]
[SourceTitle "CBM 193"]
[Source "ChessBase"]
[SourceDate "2019.12.31"]
[SourceVersion "1"]
[SourceVersionDate "2019.12.31"]
[SourceQuality "1"]

1. e4 c5 2. Nf3 d6 3. d4 cxd4 4. Nxd4 Nf6 5. Nc3 a6 6. h3 e5 7. Nb3 Be7 8. g4 h6 9. Be3 Nbd7 10. a4 b6 ({RR} 10... Nf8 11. Bc4 Ng6 12. Qe2 Bd7 13. f3 Rc8 14. h4 Nh7 15. h5 Bh4+ 16. Rxh4 Nxh4 17. O-O-O Nxf3 18. Rxd6 Qe7 19. Rb6 Bxg4 20. Bd5 O-O 21. Qg2 Qh4 22. Rg6 Nhg5 23. Kb1 Be6 24. Rxe6 fxe6 25. Bxb7 {Nepomniachtchi,I (2784)-Carlsen,M (2863) chess24.com INT 2020 0-1 (76)}) 11. f3 ({RR} 11. Bg2 Nf8 12. Qd2 Ng6 13. O-O-O Be6 14. Nd5 Nxd5 15. exd5 Bd7 16. a5 b5 17. Be4 O-O 18. Rhg1 Bg5 19. Qb4 Qf6 20. Kb1 Rac8 21. Nd2 Nf4 22. Bd3 Nxd3 23. cxd3 Qg6 24. Ne4 Be7 25. h4 Rc4 {Khamdamova,A (2409)-Liavonava,Y (2114) Durres ALB 2025 ½-½ (40)}) 11... Qc7 $146 ({RR} 11... Bb7 12. h4 Qc7 13. Be2 Rc8 14. Rc1 Nc5 15. Nxc5 dxc5 16. Nd5 Nxd5 17. exd5 c4 18. Qd2 Rd8 19. Qc3 Bxd5 20. Kf2 b5 21. axb5 axb5 22. Rhd1 b4 23. Qe1 Bxh4+ {0-1 (23) Singh,O (2278)-Liyanage,R (2203) Chess.com INT 2021}) ({RR} 11... Bb7 12. h4 Qc7 13. Be2 Rc8 14. Rc1 Nc5 15. Nxc5 dxc5 16. Nd5 Nxd5 17. exd5 c4 18. Qd2 Rd8 19. Qc3 Bxd5 20. Kf2 b5 21. axb5 axb5 22. Rhd1 b4 23. Qe1 Bxh4+ {0-1 (23) Singh,O (2278)-Liyanage,R (2203) Chess.com INT 2021}) 12. h4 Nf8 13. Rg1 Be6 14. g5 hxg5 15. hxg5 N6d7 16. Nd5 Qc6 17. Qd2 Ng6 18. a5 b5 19. O-O-O Rc8 20. Kb1 Nc5 21. Be2 Bd8 22. Nxc5 dxc5 23. f4 exf4 24. Bxf4 Be7 25. Nxe7 Kxe7 26. Bd6+ Ke8 27. Qc3 Rh7 28. Bg3 b4 29. Qd3 c4 30. Qd6 Qxe4 31. Rd4 Qb7 32. Qb6 Qa8 33. Rgd1 Rh1 34. Be1 Ne5 35. Bxb4 Rxd1+ 36. Rxd1 Qc6 37. Qe3 Qb5 38. Bc3 Rc5 39. b4 Nd3 40. cxd3 Rd5 41. dxc4 1-0

[Event "FIDE Chess.com Grand Swiss"]
[Site "Douglas"]
[Date "2019.10.15"]
[Round "6"]
[White "Carlsen, Magnus"]
[Black "Shirov, Alexei"]
[Result "1-0"]
[WhiteElo "2876"]
[BlackElo "2664"]
[PlyCount "85"]
[EventDate "2019.10.10"]
[EventType "swiss"]
[EventRounds "11"]
[EventCountry "IOM"]
[SourceTitle "CBM 193"]
[Source "ChessBase"]
[SourceDate "2019.12.31"]
[SourceVersion "1"]
[SourceVersionDate "2019.12.31"]
[SourceQuality "1"]

1. e4 e5 2. Nf3 Nf6 3. d4 Nxe4 4. Bd3 d5 5. Nxe5 Nd7 6. Nc3 Nxe5 7. dxe5 Nxc3 8. bxc3 Be7 ({RR} 8... c5 9. Be3 Be7 10. O-O O-O 11. f4 f5 12. a4 Be6 13. Qf3 Qc7 14. h3 Rad8 15. Rfd1 Rf7 16. Be2 g6 17. Rab1 Qa5 18. Bf2 Bf8 19. c4 dxc4 20. Rxd8 Qxd8 21. Qc3 Rd7 22. Bxc4 Qe7 23. a5 {Amar,E (2593)-Cummings,D (2238) Fagernes NOR 2025 ½-½ (68)}) 9. O-O O-O 10. f4 f5 11. Be3 c5 ({RR} 11... Be6 12. a4 Qd7 13. Qf3 Rfd8 14. Rfd1 c5 15. Kh1 g6 16. h3 Qc7 17. Qf2 b6 18. Qe1 Kh8 19. Be2 Rg8 20. Bf3 Rad8 21. a5 b5 22. a6 Rd7 23. Rdb1 Rb8 24. Bf2 Rdd8 25. Qe2 Qb6 26. Rb2 {Vitiugov,N (2732)-So,W (2767) Khanty-Mansiysk 2019 1-0 (60)}) 12. Be2 Be6 13. Bf3 $146 ({RR} 13. a4 Qc7 14. Kh1 Rfd8 15. Bf3 Rac8 16. Rb1 b6 17. Bg1 Rd7 18. Qe2 d4 19. c4 Bf8 20. Rfe1 Rdd8 21. a5 Rb8 22. axb6 Rxb6 23. Rxb6 axb6 24. Rb1 g6 25. Bd5 Qf7 26. Bxe6 Qxe6 27. h3 Qc6 {Perez Ponsa,F (2553)-Spata,G (2300) Montevideo 2022 ½-½}) ({RR} 13. a4 Qc7 14. Kh1 Rfd8 15. Bf3 Rac8 16. Rb1 b6 17. Bg1 Rd7 18. Qe2 d4 19. c4 Bf8 20. Rfe1 Rdd8 21. a5 Rb8 22. axb6 Rxb6 23. Rxb6 axb6 24. Rb1 g6 25. Bd5 Qf7 26. Bxe6 Qxe6 27. h3 Qc6 {Perez Ponsa,F (2553)-Spata,G (2300) Montevideo 2022 ½-½}) 13... Qd7 14. a4 Rad8 15. Qe2 Qc7 16. Rfb1 b6 17. Rd1 g5 18. h3 Rd7 19. Rd2 Rfd8 20. Rad1 gxf4 21. Bxf4 d4 22. Qf2 Kh8 23. Kh1 Qc8 24. Kh2 Rg8 25. cxd4 cxd4 26. Rxd4 Rxd4 27. Rxd4 Bc5 28. c3 Bxd4 29. cxd4 Qd7 30. Qd2 Bd5 31. e6 Qxe6 32. Be5+ Rg7 33. Qc3 Bxf3 34. Qxf3 Qe8 35. Qxf5 Kg8 36. Bxg7 Kxg7 37. Qg5+ Kf8 38. Qf4+ Ke7 39. Qe4+ Kf8 40. Qxh7 Qxa4 41. Qf5+ Kg7 42. Qe5+ Kf7 43. h4 1-0

[Event "FIDE Chess.com Grand Swiss"]
[Site "Douglas"]
[Date "2019.10.17"]
[Round "7"]
[White "Alekseenko, Kirill"]
[Black "Carlsen, Magnus"]
[Result "1/2-1/2"]
[WhiteElo "2674"]
[BlackElo "2876"]
[PlyCount "110"]
[EventDate "2019.10.10"]
[EventType "swiss"]
[EventRounds "11"]
[EventCountry "IOM"]
[SourceTitle "CBM 193"]
[Source "ChessBase"]
[SourceDate "2019.12.31"]
[SourceVersion "1"]
[SourceVersionDate "2019.12.31"]
[SourceQuality "1"]

1. e4 {Kramnik,Vladimir} c5 2. Nf3 d6 3. d4 cxd4 4. Nxd4 Nf6 5. Nc3 a6 6. Be2 e5 7. Nb3 Be7 8. O-O O-O 9. Kh1 b5 ({RR} 9... Nc6 10. f4 a5 ({RR} 10... exf4 11. Bxf4 Be6) 11. a4 Nb4 12. Bf3 Qb6 13. g4 exf4 14. Bxf4 Nd7 15. Nd4 g6 16. Bh6 Re8 17. Nf5) ({RR} 9... Be6 10. f4 Qc7 11. Nd5 Bxd5 12. exd5 Nbd7) 10. a4 ({RR} 10. Nd5 Nxd5 11. Qxd5 Ra7 12. Be3 Be6 13. Qd2 Rd7) 10... Bb7 ({RR} 10... b4 11. Nd5 Nxe4 12. Bf3) 11. Nd5 ({RR} 11. f3 b4 12. Nd5 Nxd5 13. exd5 Nd7) 11... b4 ({RR} 11... bxa4 12. Rxa4 Bc6 13. Ra3 ({RR} 13. Rc4 Bb5 14. Rb4 Nc6) 13... Nxe4 14. Na5 Nf6 15. Nxc6 Nxc6 16. Bc4 Nd4 17. Rh3 g6 18. Qd2 Nf5 19. Nxf6+ Bxf6 20. Bd5 ({RR} 20. g4 Qc8 ({RR} 20... Nh4 21. g5) ({RR} 20... d5 21. gxf5 dxc4 22. Qh6 Qd5+ 23. f3 Rfd8) 21. Bd5 ({RR} 21. Rc3 Qb7+ 22. Bd5 Qb5) 21... Nh4 22. Rg1 ({RR} 22. Bxa8 Qxa8+ 23. f3 e4) 22... g5 23. Rxh4 gxh4 24. g5 Bg7 25. g6 hxg6 ({RR} 25... Qf5 26. gxf7+ Kh8 27. Bxa8 Rxa8 ({RR} 27... e4 28. Qf4 Qxf4 29. Bxf4 Rxa8 30. Bxd6 h6 31. Rxg7 Kxg7 32. f8=Q+ Rxf8 33. Bxf8+ Kxf8 34. Kg2 Kf7 35. Kh3) 28. Qd5 Rf8 29. Bh6) ({RR} 25... Ra7 26. gxh7+ Kh8 ({RR} 26... Kxh7 27. Qg5) 27. Rxg7 Kxg7 28. Qh6+ Kh8 29. Qf6+ Kxh7 30. Be4+ Kg8 31. Qg5+ Kh8 32. Qh6+ Kg8 33. Qh7#) 26. Rxg6 Qh3 27. Rg1 Kh8 ({RR} 27... e4 28. Bxe4 f5 29. Bd5+ Kh8 30. Rxg7 Kxg7 31. Qh6#) 28. Qg5) 20... h5 ({RR} 20... Rc8 21. g4) 21. Bxa8 Qxa8 22. Ra3 Rc8 23. c3 Qb7 24. Qd3 ({RR} 24. Rd1 d5 ({RR} 24... Rc5 25. b4 Rc6) 25. Qxd5 Rd8 26. Qb3 Qxb3 27. Rxd8+) 24... Rc6 25. Rd1 ({RR} 25. b4 Ne7 26. Be3 d5 27. Bc5 e4) 25... d5 26. Ra5 {Kasparov,G (2785)-Anand,V (2735) Las Palmas 1996 CBM 057 [Kramnik,Vladimir] ½-½ (63)} ({RR} 26. Qxd5 Rd6)) ({RR} 11... Nxd5 12. exd5 b4 13. a5) ({RR} 11... Nxe4 12. axb5 ({RR} 12. Bf3 f5 13. Na5 Qxa5 14. Nxe7+ Kh8 15. Bxe4 Bxe4 16. Qxd6) 12... axb5 13. Rxa8 Bxa8 14. Be3 Nd7 15. Bxb5) ({RR} 11... Nbd7 12. axb5 ({RR} 12. Nxe7+ Qxe7 13. f3 bxa4 14. Na5 Nc5 15. Nxb7) 12... axb5 13. Rxa8 Bxa8 14. Nxe7+ Qxe7 15. f3) 12. Nxf6+ Bxf6 13. f3 Qc7 $146 ({RR} 13... a5 14. Be3 d5 15. Nc5 Bc6 16. exd5 Bxd5 17. Qd3 Bc6 18. Rfd1 Qxd3 19. Bxd3 e4 20. Nxe4 Bxb2 21. Rab1 Be5 22. Nc5 g6 23. Bc4 Kg7 24. Kg1 Rc8 25. Bb3 Be8 26. f4 Bf6 27. Ne4 Be7 28. Bd4+ {Alekseenko,K (2698)-Leiva Rodriguez,J (2405) Chess.com INT 2022 1-0 (72)}) ({RR} 13... a5 14. Be3 d5 15. Nc5 Bc6 16. exd5 Bxd5 17. Qd3 Bc6 18. Rfd1 Qxd3 19. Bxd3 e4 20. Nxe4 Bxb2 21. Rab1 Be5 22. Nc5 g6 23. Bc4 Kg7 24. Kg1 Rc8 25. Bb3 Be8 26. f4 Bf6 27. Ne4 Be7 28. Bd4+ {Alekseenko,K (2698)-Leiva Rodriguez,J (2405) Chess.com INT 2022 1-0 (72)}) 14. Bd2 Nc6 15. a5 Bc8 16. Bc4 Be6 17. Bxe6 fxe6 18. Qe2 Rfc8 19. Rfd1 Nd4 20. Nxd4 exd4 21. Bxb4 Qxc2 22. Qxc2 Rxc2 23. Bxd6 Rxb2 24. e5 Bd8 25. h3 Rc8 26. Rxd4 h5 27. Bb4 Bg5 28. f4 Bh4 29. Be1 Bxe1 30. Rxe1 Rcc2 31. Rg1 Ra2 32. Rd6 Rxa5 33. Rxe6 Rf2 34. Rc1 Kh7 35. Re1 Raa2 36. f5 Rxg2 37. Rxa6 Rh2+ 38. Kg1 Rag2+ 39. Kf1 Rf2+ 40. Kg1 Rfg2+ 41. Kf1 Rg5 42. Ra3 Rh1+ 43. Ke2 Rxe1+ 44. Kxe1 Rxf5 45. e6 Re5+ 46. Kf2 Rxe6 47. Kg3 g5 48. Ra8 Rd6 49. Rb8 Kg7 50. Ra8 Kf6 51. Rf8+ Ke5 52. Re8+ Kf5 53. Rf8+ Rf6 54. Ra8 h4+ 55. Kg2 Rb6 1/2-1/2

[Event "London Classic 11th"]
[Site "London"]
[Date "2019.12.02"]
[Round "1.1"]
[White "Carlsen, Magnus"]
[Black "Vachier Lagrave, Maxime"]
[Result "1/2-1/2"]
[WhiteElo "2872"]
[BlackElo "2780"]
[Annotator "Edouard,Romain"]
[PlyCount "63"]
[EventDate "2019.12.02"]
[EventType "k.o."]
[EventRounds "2"]
[EventCountry "ENG"]
[SourceTitle "CBM 194"]
[Source "ChessBase"]
[SourceDate "2020.01.27"]
[SourceVersion "1"]
[SourceVersionDate "2020.01.27"]
[SourceQuality "1"]

1. e4 {Edouard,Romain} c5 2. Nf3 d6 3. d4 cxd4 4. Nxd4 Nf6 5. Nc3 a6 6. Bg5 e6 7. f3 $5 h6 8. Be3 {An interesting idea, similar to another idea that Grischuk had used several times against MVL: 6.Be3 Ng4 7.Bg5 h6 8.Bc1!?. Basically, the idea is that in opposite castle attacks, Black's kingside might be more fragile if the pawn stands on h6 instead of h7 (notably after White plays g4-g5).} b5 9. a3 $5 {A useful move, as Black is going to aim for ...b4 sooner or later.} Nbd7 10. Qd2 Bb7 11. O-O-O (11. g4 $6 d5 $1 $15) 11... h5 $5 {A very logical move. Maxime judged that his "extra tempo" ...h6 wasn't bringing anything positive and went ...h5 just as if his pawn came from h7.} (11... Rc8 $5 {or 11...Be7!? were two very natural options.}) ({Whereas} 11... d5 $6 12. exd5 Nxd5 13. Nxd5 Bxd5 14. Nf5 {looks very dangerous for Black.} (14. Kb1 $5)) 12. Kb1 Be7 13. Qe1 $6 {A dubious one, as the game will prove.} (13. Rg1 $1 $146 {was Magnus' improvement in their next encounter in this line... just two days later! See annotations of Game 9 (rapid) of the match.}) ({RR} 13. Rg1 Rc8 14. Be2 Nb6 ({RR} 14... Ne5) 15. Qe1 Nfd7 ({RR} 15... Qc7 16. Qg3 Nc4 17. Bxc4 bxc4 18. Qxg7 Rg8 19. Qh6 e5 20. Nf5 Rg6 21. Qh8+ Kd7) 16. g4 hxg4 17. Rxg4 Bf8 ({RR} 17... g6 18. Rxg6 Rxc3 ({RR} 18... e5 19. Qg1 exd4 20. Bxd4 Rf8 21. e5) ({RR} 18... fxg6 19. Nxe6) 19. Nxe6 ({RR} 19. Qxc3 Na4 20. Qd2 fxg6 21. Nxe6 Qc8) 19... Qc8 20. Ng7+ Kf8 21. Rh6 Rxh6 22. Bxh6 Rxc2 23. Nf5+ Ke8 24. Nxe7 Kxe7 25. Qh4+ f6 26. Bf4 Rxb2+ 27. Kxb2 Na4+ 28. Kb1 Nc3+ 29. Kb2 Na4+) ({RR} 17... Rh7) ({RR} 17... Kf8 18. Qg3 Nf6 19. Rxg7 Nh5 20. Bh6 Nxg3 21. Rh7+ Kg8 22. Rg7+ Kf8) ({RR} 17... g5) 18. Rg2 ({RR} 18. Bg5 Qc7 19. Rh4) 18... Ne5 19. f4 ({RR} 19. Bc1 Qc7 ({RR} 19... Nec4 20. b3) 20. Qg1 Nbc4 21. b3 Nxa3+ 22. Bxa3 Qxc3 23. Rxg7) 19... Nec4 20. Bc1 Qc7 21. Bxc4 ({RR} 21. Rd3) 21... Nxc4 22. Rd3 g6 23. b3 Bg7 ({RR} 23... Nb6 24. Bb2) 24. Qd1 ({RR} 24. bxc4 bxc4 25. Nxe6 fxe6 26. Rdg3) 24... Qa5 ({RR} 24... Qb6) 25. f5 ({RR} 25. Nxe6 fxe6 ({RR} 25... Bxc3 26. bxc4 bxc4 27. Rxc3 Qxc3 28. Qxd6) 26. bxc4 Bxc3 ({RR} 26... bxc4 27. Rxd6 Qxc3 28. Rxe6+ Kf7 29. Qd7+ Kg8 30. Re5) 27. Rxd6 Rc6 28. Rxg6 Rxd6 29. Qxd6 Bc8 30. Qb8 Qd8 31. f5 bxc4 32. fxe6 Bxe6 33. Qxd8+ Kxd8 34. Rxe6 Rxh2 35. Bb2) 25... Ne5 ({RR} 25... exf5 26. Re2 f4) ({RR} 25... Nxa3+ 26. Bxa3 Qxa3 27. fxg6) 26. b4 ({RR} 26. fxg6 Rxc3 27. gxf7+ Kxf7 28. Rxg7+ Kxg7 29. Nxe6+ Kf7 30. Rxd6) 26... Qb6 27. fxg6 Nxg6 {Carlsen,M (2872)-Vachier Lagrave,M (2780) London 2019 CBM 194 [Edouard,Romain] 0-1 (82)} ({RR} 27... Nxd3 28. gxf7+ Kxf7 29. Rxg7+ Kxg7 30. Qg4+) {RR} 28. Nxe6 Bxc3 29. Rxd6 Rc6 ({RR} 29... Bc6 30. Rxg6 fxg6 31. Ng5) 30. Rd8+ Ke7 31. Bg5+) 13... Rc8 14. Rg1 Qc7 $146 ({RR} 14... g6 15. Bc1 Qc7 16. g4 e5 17. g5 exd4 18. gxf6 Bxf6 19. Nd5 Qxc2+ 20. Ka2 Bxd5+ 21. exd5+ Kf8 22. Bh3 Re8 23. Qb4 Ne5 24. Qxd6+ Kg7 25. Qb4 Nc4 26. f4 Re3 27. Bxe3 dxe3 28. Rb1 Qxh2 29. Bg2 {Papadiamandis,E (2134)-Mendonca,L (2538) Budapest 2021 0-1 (43)}) 15. g3 $6 (15. Be2 d5 $132) 15... Ne5 (15... d5 $5 {could lead to crazy lines:} 16. Bf4 (16. exd5 Nxd5 17. Nxd5 Bxd5 18. Nf5 $2 {fails to} Qxc2+ $19) 16... e5 17. exd5 Nxd5 18. Nxd5 Bxd5 19. Rg2 $5 (19. Bh3 O-O $1 20. Bxd7 Qxd7 21. Bxe5 Bc5 $44) 19... exf4 20. Nf5 Nf6 21. Re2 Be6 22. Nxg7+ Kf8 23. Nxe6+ fxe6 24. Bh3 Rd8 {and Black should be at least no worse.}) 16. Rg2 {A fun manoeuvre, which I had never seen in this exact setup. The rook on the second rank will proove useful. On the other hand, this is far too slow in such a complex position.} O-O (16... Nfd7 $5) 17. h3 d5 18. f4 Nc4 19. e5 (19. Bxc4 $6 dxc4 $17) 19... Nxe3 $1 {MVL correctly judged that he should swap his knight for the dark-squared bishop.} 20. Qxe3 Ne4 21. Nxe4 dxe4 22. Re2 ({A direct attack would just fail:} 22. h4 $2 Rfd8 23. g4 Bc5 24. c3 (24. gxh5 Bxd4 25. Rxd4 Rxd4 26. Qxd4 e3 $1 27. Re2 Rd8 $19) 24... Bxd4 25. cxd4 hxg4 $17) 22... Bd5 $5 (22... Rfd8 23. Bg2 b4 $1 24. axb4 Bxb4 {would have given Black great compensation as well.}) 23. Bg2 Qc4 24. Nb3 Bc5 $1 25. Nxc5 Qa2+ 26. Kc1 Rfd8 $1 {What a tactical continuation! White should be very careful now.} 27. c4 $1 (27. Bxe4 {leads to a draw:} Qa1+ 28. Kd2 Bxe4+ 29. Nd3 Qxb2 30. Qxe4 Rc4 31. Qf3 Qc3+ (31... Rxd3+ $5 32. Qxd3 Rd4 $11) 32. Ke3 Qd4+ $11) ({But} 27. c3 $4 {is bad due to} Qa1+ 28. Kc2 Bb3+ $3 29. Kxb3 Qxd1+ 30. Ka2 Rxc5 $17) 27... bxc4 $3 (27... Bxc4 {fails to} 28. Rxd8+ Rxd8 29. Rd2 $18) 28. Red2 (28. Na4 $5 {leads to incredibly fun lines:} Bc6 $1 29. Rxd8+ Rxd8 30. Nc3 Qa1+ 31. Nb1 (31. Kc2 $4 Ba4+ 32. Nxa4 Qd1+ 33. Kc3 Qb3#) 31... Rd3 32. Qg1 Ba4 33. Bxe4 Bb3 34. Bxd3 cxd3 35. Re1 (35. Rd2 $2 Ba2 $17) 35... Ba2 36. Qd4 Qxb1+ 37. Kd2 Qc2+ 38. Ke3 Bd5 39. Qxd3 Qg2 {and Black should be able to make a draw.}) (28. b4 {is a cute way to force a draw:} Qa1+ 29. Kc2 Qa2+ $11) 28... Qa1+ $5 (28... Rxc5 29. Qxc5 Rb8 {was another good option:} 30. Bxe4 (30. Rc2 e3 $1 31. Qxe3 Bxg2 $17) 30... Bxe4 31. Rd8+ Rxd8 32. Rxd8+ Kh7 33. Qb4 Qb1+ 34. Kd2 Qc2+ 35. Ke1 $11) 29. Kc2 Qa2 30. Kc1 (30. Na4 $4 c3 $1 $19) 30... Qa1+ 31. Kc2 Qa2 32. Kc1 {An unusual move repetition!} 1/2-1/2